[Event "Titled Tuesday 2021.06.08"]
[Site "chess.com INT"]
[Date "2021.06.08"]
[Round "3"]
[White "Ivanov, Mike"]
[Black "Pacheco Lugo, Alejandro Jose"]
[Result "1-0"]
[WhiteElo "2195"]
[BlackElo "2127"]
[WhiteFideId "-1"]
[WhiteFideId "-1"]
[PlyCount "23"]
[GameId "2130307586619427"]
[EventDate "2021.06.08"]
[EventType "swiss (blitz)"]
[EventRounds "11"]
[EventCountry "NET"]
[SourceTitle "The Week in Chess 1388"]
[Source "Mark Crowther"]
[SourceDate "2021.06.14"]
[SourceVersion "1"]
[SourceVersionDate "2021.06.14"]
[SourceQuality "2"]

1. e4 c5 2. Nf3 d6 3. d4 cxd4 4. Qxd4 Nc6 5. Qe3 g6 6. Be2 Bh6 7. Qc3 e5 8. Na3 a6 9. Bxh6 Nxh6 10. Rd1 Be6 11. Qd2 Ke7 12. Qxh6 1-0

[Event "Titled Tuesday 2021.06.08"]
[Site "chess.com INT"]
[Date "2021.06.08"]
[Round "8"]
[White "Brankovic, Dejan"]
[Black "Ivanov, Mike"]
[Result "1/2-1/2"]
[WhiteElo "2312"]
[BlackElo "2195"]
[WhiteFideId "-1"]
[WhiteFideId "-1"]
[PlyCount "175"]
[GameId "2130307586631994"]
[EventDate "2021.06.08"]
[EventType "swiss (blitz)"]
[EventRounds "11"]
[EventCountry "NET"]
[SourceTitle "The Week in Chess 1388"]
[Source "Mark Crowther"]
[SourceDate "2021.06.14"]
[SourceVersion "1"]
[SourceVersionDate "2021.06.14"]
[SourceQuality "2"]

1. e4 e6 2. d4 d5 3. Nd2 e5 4. dxe5 dxe4 5. Nxe4 Qxd1+ 6. Kxd1 Nc6 7. f4 f6 8. exf6 Nxf6 9. Nxf6+ gxf6 10. Bd3 Bg4+ 11. Ne2 Nb4 12. h3 Nxd3 13. cxd3 Bf5 14. d4 h5 15. Be3 Rg8 16. g3 O-O-O 17. Ke1 Re8 18. Kf2 Rg7 19. Nc3 c6 20. Rae1 Bb4 21. Bd2 Rge7 22. Rxe7 Rxe7 23. Nb5 cxb5 24. Bxb4 Rc7 25. Bd2 Rc2 26. Rc1 Rxc1 27. Bxc1 Bxh3 28. Bd2 Kd7 29. Bb4 Kc6 30. Be7 f5 31. Ke3 Kd5 32. Bb4 Kc4 33. Bd2 b6 34. b3+ Kd5 35. Bb4 Bg2 36. Be7 Be4 37. Bd8 b4 38. Be7 Bb1 39. a3 bxa3 40. Bxa3 Ba2 41. b4 Kc4 42. d5 Kxd5 43. Bc1 a5 44. bxa5 bxa5 45. Kd3 a4 46. Ba3 Bb1+ 47. Ke3 Kc4 48. Kd2 Kb3 49. Be7 a3 50. Bf6 a2 51. Be5 Kc4 52. Ke3 Be4 53. Kd2 Bc6 54. Ke3 Bd7 55. Kd2 Kd5 56. Ke3 Bb5 57. Bg7 Bc4 58. Bh8 Bb3 59. Bg7 Bc2 60. Bh8 Kc4 61. Kd2 Be4 62. Bg7 Kb3 63. Bf6 Kb4 64. Bg7 Kc5 65. Be5 Bb1 66. Ke3 Kc4 67. Kd2 Kd5 68. Ke3 Ke6 69. Bg7 Kf7 70. Be5 Kg6 71. Kd2 h4 72. gxh4 Kh5 73. Ke3 Kxh4 74. Bf6+ Kg3 75. Be5 Kg2 76. Ke2 Be4 77. Bf6 Bc6 78. Be5 Bb5+ 79. Kd2 Kf2 80. Kc2 Kf3 81. Kb2 Bc4 82. Ka1 Ke4 83. Bd6 Kd3 84. Bc7 Ke4 85. Bb8 Kd3 86. Bc7 Ke4 87. Bb8 Kd3 88. Bc7 1/2-1/2

[Event "Titled Tuesday 2021.06.08"]
[Site "chess.com INT"]
[Date "2021.06.08"]
[Round "9"]
[White "Ivanov, Mike"]
[Black "Pasti, Aron"]
[Result "0-1"]
[WhiteElo "2195"]
[BlackElo "2318"]
[WhiteFideId "-1"]
[WhiteFideId "-1"]
[PlyCount "136"]
[GameId "2130307586632054"]
[EventDate "2021.06.08"]
[EventType "swiss (blitz)"]
[EventRounds "11"]
[EventCountry "NET"]
[SourceTitle "The Week in Chess 1388"]
[Source "Mark Crowther"]
[SourceDate "2021.06.14"]
[SourceVersion "1"]
[SourceVersionDate "2021.06.14"]
[SourceQuality "2"]

1. e4 e5 2. Nf3 Nc6 3. Nc3 g6 4. d4 exd4 5. Nxd4 Bg7 6. Be3 Nf6 7. Qd2 O-O 8. Nxc6 bxc6 9. O-O-O Re8 10. f3 d5 11. h4 Be6 12. Qf2 Qb8 13. h5 dxe4 14. h6 Bh8 15. Bd4 c5 16. Be5 Ng4 17. fxg4 Bxe5 18. Qxc5 Bxg4 19. Bb5 c6 20. Bxc6 Rc8 21. Rd5 Qc7 22. Rxe5 Qxc6 23. Qxc6 Rxc6 24. Nxe4 Bf5 25. Nc3 a5 26. Rhe1 Kf8 27. a4 Rc4 28. Rb5 Rg4 29. Re2 Rh4 30. Ree5 Rh1+ 31. Kd2 Rh2 32. Rxa5 Rxg2+ 33. Ke3 Rd8 34. Rad5 Rb8 35. Rb5 Rc8 36. Rbc5 Rxc2 37. Rxc8+ Bxc8 38. Rb5 Bd7 39. Rb8+ Ke7 40. a5 Rc1 41. a6 Ra1 42. Rb6 Bc8 43. Nd5+ Kd7 44. Nb4 Kc7 45. Rf6 Be6 46. Kd4 Ra4 47. Kc5 Ra5+ 48. Kd4 Kb6 49. Kc3 Rc5+ 50. Kd4 Rc4+ 51. Ke5 Rxb4 52. Kd6 Ra4 53. Ke7 Rxa6 54. Kf8 g5 55. Kg7 g4 56. Kxh7 g3 57. Rf3 g2 58. Rg3 Bd5 59. Kg7 f5 60. h7 Ra7+ 61. Kg6 Ra8 62. Kxf5 Rh8 63. Kg6 Be4+ 64. Kg7 Rxh7+ 65. Kf6 Rh1 66. Ke5 g1=Q 67. Rxg1 Rxg1 68. Kxe4 Rb1 0-1

[Event "Titled Tuesday 2021.05.25"]
[Site "Chess.com INT"]
[Date "2021.05.25"]
[Round "4"]
[White "Ivanov, Mike"]
[Black "Fajdetic, Hrvoje"]
[Result "0-1"]
[WhiteElo "2195"]
[BlackElo "2151"]
[WhiteFideId "-1"]
[WhiteFideId "-1"]
[PlyCount "72"]
[GameId "1654219921584128"]
[EventDate "2021.05.25"]
[EventType "swiss (blitz)"]
[EventRounds "11"]
[EventCountry "NET"]
[SourceTitle "CBM 203 Extra"]
[Source "ChessBase"]
[SourceDate "2021.09.30"]
[SourceVersion "1"]
[SourceVersionDate "2021.09.30"]
[SourceQuality "1"]

1. e4 e6 2. d4 d5 3. e5 c5 4. c3 Nc6 5. Nf3 Bd7 6. Bd3 cxd4 7. O-O Qb6 8. Re1 Nge7 9. h4 f6 10. cxd4 O-O-O 11. Nc3 Nxd4 12. Bd2 Nxf3+ 13. Qxf3 fxe5 14. Rxe5 Nc6 15. Ree1 Bb4 16. Qg3 Rdf8 17. Rac1 Bc5 18. Be3 Bxe3 19. fxe3 Qc7 20. Qg5 h6 21. Qh5 Kb8 22. Ne2 Qe5 23. Nf4 Qxh5 24. Nxh5 Ne5 25. Be2 g5 26. e4 d4 27. Red1 Be8 28. Ng7 d3 29. Bxd3 Nxd3 30. Rxd3 Bg6 31. Rd7 Bxe4 32. Nxe6 gxh4 33. Nc5 Bc6 34. Re7 Rfg8 35. Rc2 h3 36. Kh2 Rxg2+ 0-1

[Event "Titled Tuesday 2021.05.25"]
[Site "Chess.com INT"]
[Date "2021.05.25"]
[Round "5"]
[White "Paasikangas Tella, Johanna"]
[Black "Ivanov, Mike"]
[Result "0-1"]
[WhiteElo "2174"]
[BlackElo "2195"]
[WhiteFideId "-1"]
[WhiteFideId "-1"]
[PlyCount "84"]
[GameId "1654219922423808"]
[EventDate "2021.05.25"]
[EventType "swiss (blitz)"]
[EventRounds "11"]
[EventCountry "NET"]
[SourceTitle "CBM 203 Extra"]
[Source "ChessBase"]
[SourceDate "2021.09.30"]
[SourceVersion "1"]
[SourceVersionDate "2021.09.30"]
[SourceQuality "1"]

1. d4 Nf6 2. c4 e6 3. Nc3 Bb4 4. Qc2 b6 5. a3 Bxc3+ 6. Qxc3 Bb7 7. Nf3 O-O 8. e3 Ne4 9. Qc2 f5 10. Be2 d6 11. O-O Nd7 12. b4 Ng5 13. Nxg5 Qxg5 14. f3 Qg6 15. Bb2 Rae8 16. Rfe1 e5 17. d5 Qh6 18. Qc3 f4 19. exf4 exf4 20. Bf1 Ne5 21. Re4 Bc8 22. Qd2 g5 23. Bxe5 dxe5 24. Rae1 Qg7 25. Qc3 Rf5 26. c5 Bd7 27. c6 Bc8 28. Bc4 Kh8 29. b5 h5 30. Qd2 g4 31. fxg4 hxg4 32. Qf2 Qg5 33. g3 f3 34. Bf1 Qh6 35. Rxg4 Rff8 36. Rh4 Qxh4 37. gxh4 e4 38. Kh1 Rg8 39. Qe3 Rg7 40. Qh6+ Kg8 41. Re3 f2 42. Qf4 Rg1# 0-1

[Event "Titled Tuesday 2021.05.25"]
[Site "Chess.com INT"]
[Date "2021.05.25"]
[Round "6"]
[White "Sargissyan, Sargis"]
[Black "Ivanov, Mike"]
[Result "1-0"]
[WhiteElo "2269"]
[BlackElo "2195"]
[WhiteFideId "-1"]
[WhiteFideId "-1"]
[PlyCount "141"]
[GameId "1654219923628032"]
[EventDate "2021.05.25"]
[EventType "swiss (blitz)"]
[EventRounds "11"]
[EventCountry "NET"]
[SourceTitle "CBM 203 Extra"]
[Source "ChessBase"]
[SourceDate "2021.09.30"]
[SourceVersion "1"]
[SourceVersionDate "2021.09.30"]
[SourceQuality "1"]

1. e4 e6 2. d4 d5 3. Nc3 Bb4 4. e5 Bf8 5. Be3 b6 6. Bb5+ Bd7 7. Bd3 c5 8. f4 c4 9. Be2 Nh6 10. Nf3 Nf5 11. Bf2 h5 12. Ng5 g6 13. O-O Be7 14. Qd2 b5 15. Nd1 Nc6 16. c3 Kf8 17. Ne3 Nxe3 18. Qxe3 Kg7 19. Bh4 b4 20. Qg3 Rb8 21. Nf3 Bxh4 22. Nxh4 bxc3 23. bxc3 Rb2 24. Rf2 Ne7 25. f5 Nxf5 26. Nxf5+ exf5 27. e6 Bxe6 28. Qe5+ Qf6 29. Qc7 a6 30. Qc6 Rhb8 31. Qxa6 Rd2 32. Bf3 Rbb2 33. Rxd2 Rxd2 34. Qd6 Qg5 35. Re1 Rxa2 36. Bxd5 Bxd5 37. Qxd5 Qd2 38. Qe5+ Kh7 39. Qg3 Qd3 40. Qxd3 cxd3 41. Rd1 d2 42. Kf2 Rc2 43. Ke2 Rxc3 44. Rxd2 Rc6 45. d5 Rd6 46. Ke3 Kg7 47. Kd4 Kf6 48. Re2 Rd8 49. Kc5 Rc8+ 50. Kb6 Rc1 51. d6 Rd1 52. Kc7 Rc1+ 53. Kd8 f4 54. d7 Rd1 55. Ke8 g5 56. d8=Q+ Rxd8+ 57. Kxd8 g4 58. Kd7 Kf5 59. Kd6 f3 60. gxf3 gxf3 61. Re7 f6 62. Re1 Kf4 63. Ke6 f2 64. Rf1 Kf3 65. Kxf6 Kg2 66. Rxf2+ Kxf2 67. Kg5 h4 68. Kxh4 Kf3 69. Kg5 Ke4 70. h4 Ke5 71. Kg6 1-0

[Event "Titled Tuesday 2021.05.25"]
[Site "Chess.com INT"]
[Date "2021.05.25"]
[Round "10"]
[White "Ivanov, Mike"]
[Black "Juhasz, Agoston Botond"]
[Result "1-0"]
[WhiteElo "2195"]
[BlackElo "2362"]
[WhiteFideId "-1"]
[WhiteFideId "-1"]
[PlyCount "45"]
[GameId "1654219926114304"]
[EventDate "2021.05.25"]
[EventType "swiss (blitz)"]
[EventRounds "11"]
[EventCountry "NET"]
[SourceTitle "CBM 203 Extra"]
[Source "ChessBase"]
[SourceDate "2021.09.30"]
[SourceVersion "1"]
[SourceVersionDate "2021.09.30"]
[SourceQuality "1"]

1. e4 c5 2. Nf3 d6 3. d4 cxd4 4. Qxd4 a6 5. Be2 Nc6 6. Qe3 Nf6 7. O-O g6 8. h3 Bg7 9. Rd1 Qc7 10. c4 O-O 11. Nc3 Be6 12. Bd2 Rfc8 13. Nd5 Qd8 14. Nb6 Bh6 15. Qxh6 Qxb6 16. Bc3 Qc5 17. Ng5 Ne5 18. b4 Qc6 19. c5 Rd8 20. Rac1 Rac8 21. f4 Ned7 22. e5 dxe5 23. fxe5 1-0

[Event "Titled Tuesday 2021.05.18"]
[Site "Chess.com INT"]
[Date "2021.05.18"]
[Round "2"]
[White "Khanin, Semen"]
[Black "Ivanov, Mike"]
[Result "1-0"]
[WhiteElo "2517"]
[BlackElo "2195"]
[WhiteFideId "-1"]
[WhiteFideId "-1"]
[PlyCount "55"]
[GameId "1651696439484416"]
[EventDate "2021.05.18"]
[EventType "swiss (blitz)"]
[EventRounds "11"]
[EventCountry "NET"]
[SourceTitle "CBM 202 Extra"]
[Source "ChessBase"]
[SourceDate "2021.07.31"]
[SourceVersion "1"]
[SourceVersionDate "2021.07.31"]
[SourceQuality "1"]

1. c4 e5 2. Nc3 Nc6 3. g3 Bc5 4. Bg2 a6 5. d3 d6 6. e4 Nf6 7. Nge2 O-O 8. O-O Rb8 9. a4 Nd4 10. h3 c6 11. Kh2 b5 12. axb5 axb5 13. cxb5 cxb5 14. Nxd4 Bxd4 15. Ne2 Bc5 16. d4 exd4 17. Nxd4 Qb6 18. Be3 Re8 19. b4 Bxb4 20. e5 dxe5 21. Nc6 Bc5 22. Bxc5 Qxc5 23. Nxb8 e4 24. Rc1 Qb6 25. Nc6 b4 26. Ne7+ Rxe7 27. Rxc8+ Ne8 28. Qd7 1-0

[Event "Titled Tuesday 2021.05.18"]
[Site "Chess.com INT"]
[Date "2021.05.18"]
[Round "3"]
[White "Ivanov, Mike"]
[Black "Aslanov, Umid Fuad"]
[Result "1/2-1/2"]
[WhiteElo "2195"]
[BlackElo "2019"]
[WhiteFideId "-1"]
[WhiteFideId "-1"]
[PlyCount "148"]
[GameId "1651696441495552"]
[EventDate "2021.05.18"]
[EventType "swiss (blitz)"]
[EventRounds "11"]
[EventCountry "NET"]
[SourceTitle "CBM 202 Extra"]
[Source "ChessBase"]
[SourceDate "2021.07.31"]
[SourceVersion "1"]
[SourceVersionDate "2021.07.31"]
[SourceQuality "1"]

1. e4 c5 2. Nf3 d6 3. d4 cxd4 4. Qxd4 a6 5. Be2 Nc6 6. Qe3 g6 7. h3 Bg7 8. O-O Nf6 9. Rd1 O-O 10. c4 Qc7 11. Nc3 Nb4 12. Qf4 Nh5 13. Qh4 h6 14. g4 Bf6 15. g5 hxg5 16. Bxg5 Bxc3 17. bxc3 Nc6 18. Nd4 Nxd4 19. cxd4 f6 20. Bh6 Ng7 21. Rac1 Qd7 22. Rc3 f5 23. Rg3 Qe6 24. Qg5 Rf6 25. e5 dxe5 26. dxe5 Qxe5 27. Rd8+ Kf7 28. Bf3 Ne6 29. Bd5 Qxd5 30. cxd5 Nxg5 31. Bxg5 Rd6 32. Rxd6 exd6 33. Re3 Kf8 34. f4 Bd7 35. Re7 Bb5 36. Rxb7 Rc8 37. Kf2 Rc2+ 38. Ke3 Rxa2 39. Rb6 Ra3+ 40. Kf2 Rxh3 41. Rxd6 Rd3 42. Rd8+ Kf7 43. Bh4 Bc4 44. d6 Ke6 45. Be7 Rd4 46. Rg8 Kd5 47. Kg3 Bb5 48. Rxg6 Ke4 49. Kh4 a5 50. Kg5 a4 51. Rg8 a3 52. Ra8 Rd3 53. Bf6 Rxd6 54. Rxa3 Rd1 55. Be5 Rg1+ 56. Kf6 Rh1 57. Ke6 Rh6+ 58. Ke7 Rc6 59. Rb3 Bc4 60. Rb4 Kd3 61. Rb7 Rh6 62. Rd7+ Kc2 63. Kd8 Kb3 64. Kc7 Ra6 65. Rd6 Ra7+ 66. Kd8 Ra6 67. Rxa6 Bxa6 68. Ke7 Bd3 69. Kf6 Be4 70. Kg5 Kc4 71. Kf6 Kd3 72. Kg5 Kc4 73. Kf6 Kd3 74. Kg5 Kc4 1/2-1/2

[Event "Titled Tuesday 2021.05.18"]
[Site "Chess.com INT"]
[Date "2021.05.18"]
[Round "6"]
[White "Shimanov, Aleksandr"]
[Black "Ivanov, Mike"]
[Result "1-0"]
[WhiteElo "2597"]
[BlackElo "2195"]
[WhiteFideId "-1"]
[WhiteFideId "-1"]
[PlyCount "77"]
[GameId "1651696443740160"]
[EventDate "2021.05.18"]
[EventType "swiss (blitz)"]
[EventRounds "11"]
[EventCountry "NET"]
[SourceTitle "CBM 202 Extra"]
[Source "ChessBase"]
[SourceDate "2021.07.31"]
[SourceVersion "1"]
[SourceVersionDate "2021.07.31"]
[SourceQuality "1"]

1. d4 Nf6 2. c4 e6 3. Nf3 c5 4. Nc3 cxd4 5. Nxd4 d5 6. cxd5 Nxd5 7. Bd2 Be7 8. e3 O-O 9. Be2 e5 10. Nxd5 Qxd5 11. Bf3 e4 12. Be2 Nc6 13. Bc3 Nxd4 14. Qxd4 Qxd4 15. Bxd4 Bb4+ 16. Kf1 Be6 17. a3 Ba5 18. f3 exf3 19. Bxf3 Rfd8 20. Kf2 Bb6 21. Bxb6 axb6 22. Rhd1 Rab8 23. Rac1 Kf8 24. Ke1 Rxd1+ 25. Rxd1 Ke7 26. Rd4 b5 27. Kd2 b6 28. Bc6 Bc4 29. a4 Rc8 30. axb5 Be6 31. Ra4 Kd6 32. Ra6 Kc5 33. Kc3 Rb8 34. b4+ Kd6 35. Kd4 f5 36. Ra7 Rg8 37. Rb7 g5 38. Rxb6 Ke7 39. Ke5 1-0

[Event "Titled Tuesday 2021.05.18"]
[Site "Chess.com INT"]
[Date "2021.05.18"]
[Round "7"]
[White "Ivanov, Mike"]
[Black "Roman, Rodrigo"]
[Result "0-1"]
[WhiteElo "2195"]
[BlackElo "2071"]
[WhiteFideId "-1"]
[WhiteFideId "-1"]
[PlyCount "68"]
[GameId "1651696444776448"]
[EventDate "2021.05.18"]
[EventType "swiss (blitz)"]
[EventRounds "11"]
[EventCountry "NET"]
[SourceTitle "CBM 202 Extra"]
[Source "ChessBase"]
[SourceDate "2021.07.31"]
[SourceVersion "1"]
[SourceVersionDate "2021.07.31"]
[SourceQuality "1"]

1. e4 a6 2. d4 b5 3. a4 Bb7 4. axb5 axb5 5. Rxa8 Bxa8 6. Bxb5 Bxe4 7. Nf3 Nf6 8. Nc3 Bb7 9. O-O e6 10. Re1 Be7 11. Bc4 d5 12. Bd3 O-O 13. Ne5 Nbd7 14. Bg5 c5 15. Nxd7 Nxd7 16. Qh5 g6 17. Bxe7 Qxe7 18. Qg4 cxd4 19. Qxd4 e5 20. Qa7 Qb4 21. Rb1 e4 22. Bf1 Ra8 23. Nxd5 Bxd5 24. Qxd7 Ba2 25. Rd1 Qxb2 26. Qe7 Qxc2 27. Rd7 Rf8 28. h4 Be6 29. Rc7 Qd1 30. Qg5 Qg4 31. Kh2 Qxg5 32. hxg5 Rd8 33. Kg3 Rd5 34. Kh4 Rf5 0-1

[Event "Titled Tuesday 2021.05.18"]
[Site "Chess.com INT"]
[Date "2021.05.18"]
[Round "10"]
[White "Shtyka, Sergey"]
[Black "Ivanov, Mike"]
[Result "0-1"]
[WhiteElo "2175"]
[BlackElo "2195"]
[WhiteFideId "-1"]
[WhiteFideId "-1"]
[PlyCount "56"]
[GameId "1651696449171456"]
[EventDate "2021.05.18"]
[EventType "swiss (blitz)"]
[EventRounds "11"]
[EventCountry "NET"]
[SourceTitle "CBM 202 Extra"]
[Source "ChessBase"]
[SourceDate "2021.07.31"]
[SourceVersion "1"]
[SourceVersionDate "2021.07.31"]
[SourceQuality "1"]

1. e4 e6 2. Nf3 d5 3. e5 c5 4. b4 cxb4 5. a3 d4 6. axb4 Bxb4 7. Bd3 Nc6 8. O-O Nge7 9. Ba3 Nd5 10. Re1 h6 11. Qe2 Bd7 12. Qe4 Qb6 13. Bc4 Qc5 14. Bxd5 exd5 15. Bxb4 Qxb4 16. Qxd5 Be6 17. Qe4 O-O 18. Na3 Qc5 19. Reb1 Bd5 20. Qf4 Bxf3 21. Qxf3 Nxe5 22. Qxb7 d3 23. Rb5 Qd4 24. c3 Qf4 25. Re1 Rae8 26. Re3 Ng4 27. Qf3 Qxh2+ 28. Kf1 Qh1# 0-1

[Event "Titled Tuesday 2021.05.18"]
[Site "chess.com INT"]
[Date "2021.05.18"]
[Round "1"]
[White "Ivanov, Mike"]
[Black "Mazibuko, Khanya"]
[Result "1-0"]
[WhiteElo "2195"]
[BlackElo "1978"]
[WhiteFideId "-1"]
[WhiteFideId "-1"]
[PlyCount "49"]
[GameId "2130307587075576"]
[EventDate "2021.05.18"]
[EventType "swiss (blitz)"]
[EventRounds "11"]
[EventCountry "NET"]
[SourceTitle "The Week in Chess 1385"]
[Source "Mark Crowther"]
[SourceDate "2021.05.24"]
[SourceVersion "1"]
[SourceVersionDate "2021.05.24"]
[SourceQuality "2"]

1. e4 e5 2. Nf3 Nc6 3. Nc3 Nf6 4. Bb5 Bd6 5. d3 h6 6. a3 O-O 7. g4 Nd4 8. Bc4 Nh7 9. Be3 Ne6 10. h4 c6 11. Qd2 Qf6 12. Rh3 Nd4 13. Bxd4 exd4 14. Ne2 Bc5 15. g5 Qg6 16. h5 Qd6 17. g6 Nf6 18. e5 Qd5 19. Bxd5 Nxd5 20. gxf7+ Rxf7 21. Rg3 d6 22. O-O-O dxe5 23. Nxe5 Re7 24. Rdg1 Bf5 25. Qxh6 1-0

[Event "Titled Tuesday 2021.05.18"]
[Site "chess.com INT"]
[Date "2021.05.18"]
[Round "4"]
[White "Ivanov, Mike"]
[Black "Lysenko, Margarita"]
[Result "1-0"]
[WhiteElo "2195"]
[BlackElo "2207"]
[WhiteFideId "-1"]
[WhiteFideId "-1"]
[PlyCount "49"]
[GameId "2130307587083964"]
[EventDate "2021.05.18"]
[EventType "swiss (blitz)"]
[EventRounds "11"]
[EventCountry "NET"]
[SourceTitle "The Week in Chess 1385"]
[Source "Mark Crowther"]
[SourceDate "2021.05.24"]
[SourceVersion "1"]
[SourceVersionDate "2021.05.24"]
[SourceQuality "2"]

1. e4 c5 2. Nf3 d6 3. d4 cxd4 4. Qxd4 a6 5. Be2 Nc6 6. Qe3 Nf6 7. h3 g6 8. O-O Bg7 9. Rd1 O-O 10. c4 Nd7 11. Nc3 Nc5 12. Rb1 a5 13. b3 Ne6 14. Bb2 f5 15. exf5 gxf5 16. Nd5 Bxb2 17. Rxb2 Ng7 18. Qh6 Rf6 19. Nxf6+ exf6 20. Rbd2 Ne8 21. c5 d5 22. Rxd5 Qe7 23. Bc4 Kh8 24. Rd7 Bxd7 25. Rxd7 1-0

[Event "Titled Tuesday 2021.05.18"]
[Site "chess.com INT"]
[Date "2021.05.18"]
[Round "5"]
[White "Christiansen, Johan Sebastian"]
[Black "Ivanov, Mike"]
[Result "0-1"]
[WhiteElo "2618"]
[BlackElo "2195"]
[WhiteFideId "-1"]
[WhiteFideId "-1"]
[PlyCount "62"]
[GameId "2130307587088109"]
[EventDate "2021.05.18"]
[EventType "swiss (blitz)"]
[EventRounds "11"]
[EventCountry "NET"]
[SourceTitle "The Week in Chess 1385"]
[Source "Mark Crowther"]
[SourceDate "2021.05.24"]
[SourceVersion "1"]
[SourceVersionDate "2021.05.24"]
[SourceQuality "2"]

1. e4 e6 2. d4 d5 3. Nc3 Bb4 4. Nge2 Nc6 5. e5 Nge7 6. a3 Ba5 7. b4 Bb6 8. Qd3 Nf5 9. Be3 O-O 10. h4 f6 11. f4 fxe5 12. fxe5 Nxe5 13. dxe5 Nxe3 14. Kd2 Qe8 15. Kc1 Nxf1 16. h5 Ne3 17. h6 g6 18. Rh3 Nc4 19. Kb1 a5 20. b5 Bd7 21. a4 Qe7 22. Na2 Rf1+ 23. Nec1 Raf8 24. Rg3 Kh8 25. Qc3 Qc5 26. Rd3 R8f2 27. g4 Na3+ 28. Kb2 Rxc2+ 29. Qxc2 Qxc2+ 30. Kxa3 Bc5+ 31. Nb4 Bxb4# 0-1

[Event "Titled Tuesday 2021.05.18"]
[Site "chess.com INT"]
[Date "2021.05.18"]
[Round "8"]
[White "Shafigullina, Zarina"]
[Black "Ivanov, Mike"]
[Result "1-0"]
[WhiteElo "2293"]
[BlackElo "2195"]
[WhiteFideId "-1"]
[WhiteFideId "-1"]
[PlyCount "103"]
[GameId "2130307587096495"]
[EventDate "2021.05.18"]
[EventType "swiss (blitz)"]
[EventRounds "11"]
[EventCountry "NET"]
[SourceTitle "The Week in Chess 1385"]
[Source "Mark Crowther"]
[SourceDate "2021.05.24"]
[SourceVersion "1"]
[SourceVersionDate "2021.05.24"]
[SourceQuality "2"]

1. d4 Nf6 2. Nf3 e6 3. g3 c5 4. Bg2 cxd4 5. O-O d5 6. Nxd4 e5 7. Nf3 Nc6 8. c4 d4 9. e3 Be7 10. exd4 exd4 11. Bf4 Be6 12. b3 h6 13. Ne5 Rc8 14. Nd2 O-O 15. Ne4 Nxe4 16. Bxe4 Bf6 17. Nd3 Re8 18. Re1 Qa5 19. Qf3 Qb6 20. Bxh6 Ne5 21. Nxe5 Bxe5 22. Bf4 Bxf4 23. Qxf4 Rcd8 24. Bd3 Bc8 25. Rxe8+ Rxe8 26. Rd1 g6 27. Be4 Rd8 28. Bd5 Be6 29. Qxd4 Qa6 30. Qf6 Re8 31. Bxe6 Qxe6 32. Qxe6 Rxe6 33. Rd7 Re2 34. Rxb7 Rxa2 35. c5 Rc2 36. b4 a5 37. bxa5 Rxc5 38. a6 Ra5 39. a7 Kg7 40. h4 Ra3 41. Kf1 Ra4 42. Ke2 Ra3 43. Kd2 Ra4 44. Kc3 Ra2 45. Kb3 Ra1 46. Kc4 Ra2 47. Kd5 Ra3 48. Kc6 Rc3+ 49. Kd7 Ra3 50. Kc8 Ra2 51. Kb8 Re2 52. a8=Q 1-0

[Event "Titled Tuesday 2021.05.18"]
[Site "chess.com INT"]
[Date "2021.05.18"]
[Round "9"]
[White "Ivanov, Mike"]
[Black "Garcia Fuentes, Sergio Miguel"]
[Result "1-0"]
[WhiteElo "2195"]
[BlackElo "2134"]
[WhiteFideId "-1"]
[WhiteFideId "-1"]
[PlyCount "53"]
[GameId "2130307587096521"]
[EventDate "2021.05.18"]
[EventType "swiss (blitz)"]
[EventRounds "11"]
[EventCountry "NET"]
[SourceTitle "The Week in Chess 1385"]
[Source "Mark Crowther"]
[SourceDate "2021.05.24"]
[SourceVersion "1"]
[SourceVersionDate "2021.05.24"]
[SourceQuality "2"]

1. e4 e5 2. Nf3 Nf6 3. Nc3 Nc6 4. Bb5 Nd4 5. Nxd4 exd4 6. Nd5 Nxd5 7. exd5 c6 8. Bc4 Bd6 9. O-O O-O 10. Qh5 b5 11. Bd3 g6 12. Qh6 Bb7 13. b3 a6 14. c3 Be5 15. dxc6 dxc6 16. c4 c5 17. Bb2 b4 18. Rae1 Bg7 19. Qh3 a5 20. a4 Re8 21. f4 f5 22. Bc1 Qd6 23. Be2 Re7 24. d3 Rae8 25. Kf2 Re3 26. Bxe3 Rf8 27. Bd2 1-0

[Event "Titled Tuesday 2021.05.18"]
[Site "chess.com INT"]
[Date "2021.05.18"]
[Round "11"]
[White "Ivanov, Mike"]
[Black "Beulen, Marcel"]
[Result "1-0"]
[WhiteElo "2195"]
[BlackElo "2359"]
[WhiteFideId "-1"]
[WhiteFideId "-1"]
[PlyCount "71"]
[GameId "2130307587096613"]
[EventDate "2021.05.18"]
[EventType "swiss (blitz)"]
[EventRounds "11"]
[EventCountry "NET"]
[SourceTitle "The Week in Chess 1385"]
[Source "Mark Crowther"]
[SourceDate "2021.05.24"]
[SourceVersion "1"]
[SourceVersionDate "2021.05.24"]
[SourceQuality "2"]

1. e4 d5 2. exd5 Qxd5 3. Nc3 Qa5 4. d4 Nf6 5. Nf3 Bf5 6. Ne5 c6 7. g4 Be6 8. Bc4 Nxg4 9. Bxe6 Nxe5 10. Bb3 Ng6 11. Bd2 Qc7 12. h4 e6 13. Qf3 h5 14. Qe4 Nd7 15. Bxe6 Nf6 16. Qf5 Ne7 17. Bxf7+ Kxf7 18. Qf3 Ned5 19. O-O-O Bb4 20. Ne4 Bxd2+ 21. Rxd2 Qf4 22. Ng5+ Kg6 23. Qb3 Ne4 24. Nxe4 Qxe4 25. Rg1+ Kh6 26. Qxb7 g6 27. Qxc6 Rad8 28. Qb5 Rhg8 29. Rg5 Nf4 30. Rg1 Ne2+ 31. Rxe2 Qxd4 32. Qg5+ Kh7 33. Re7+ Rg7 34. Rxg7+ Kxg7 35. Qxg6+ Kh8 36. Qxh5# 1-0

[Event "PNWCC Master Artist Point"]
[Site "chess.com INT"]
[Date "2020.09.05"]
[Round "1.10"]
[White "Maghsoodloo, Parham"]
[Black "Ivanov, Mike"]
[Result "1-0"]
[WhiteElo "2676"]
[BlackElo "2195"]
[WhiteFideId "-1"]
[WhiteFideId "-1"]
[PlyCount "129"]
[GameId "2130307593459588"]
[EventDate "2020.09.05"]
[EventType "swiss"]
[EventRounds "9"]
[EventCountry "NET"]
[SourceTitle "The Week in Chess 1349"]
[Source "Mark Crowther"]
[SourceDate "2020.09.14"]
[SourceVersion "2"]
[SourceVersionDate "2020.09.17"]
[SourceQuality "2"]

1. e4 e6 2. d4 d5 3. Nc3 Bb4 4. e5 c5 5. a3 Bxc3+ 6. bxc3 Ne7 7. Qg4 cxd4 8. Qxg7 Rg8 9. Qxh7 Nbc6 10. Nf3 Qc7 11. Bf4 Bd7 12. Qd3 Rg4 13. Bg3 Nf5 14. Be2 Re4 15. Kf1 O-O-O 16. Rb1 Rh8 17. Ng5 Re3 18. fxe3 Nxg3+ 19. Kf2 Nxh1+ 20. Rxh1 Qxe5 21. Nf3 dxe3+ 22. Qxe3 Qg7 23. h4 e5 24. h5 Rg8 25. Ke1 d4 26. cxd4 exd4 27. Qf4 d3 28. cxd3 Qa1+ 29. Bd1 Rxg2 30. h6 Qb2 31. Qe3 Rg8 32. h7 Rh8 33. d4 Qb5 34. Bb3 Bf5 35. d5 Qa5+ 36. Kf2 Qb6 37. dxc6 Qxe3+ 38. Kxe3 Rxh7 39. Rxh7 Bxh7 40. cxb7+ Kxb7 41. Ng5 Bf5 42. Nxf7 Kb6 43. Kd4 Bd7 44. Ne5 Be8 45. Nc4+ Kc7 46. Kc5 a6 47. Nd6 Bd7 48. Bc4 Ba4 49. Bxa6 Bd1 50. Ne4 Bc2 51. Nc3 Bb3 52. Bd3 Kb7 53. Kb4 Be6 54. a4 Bd7 55. a5 Bc6 56. Kc5 Bd7 57. Nd5 Ka7 58. Nb4 Kb7 59. a6+ Ka7 60. Nc6+ Ka8 61. Kb6 Bc8 62. a7 Bb7 63. Nb4 Bg2 64. Be4+ Bxe4 65. Na6 1-0